[Event "Oberfranken-ch op 0607"]
[Site "Schney"]
[Date "2007.01.04"]
[Round "6"]
[White "Hentschel, Andreas"]
[Black "Dueduekcue, Baris"]
[Result "0-1"]
[WhiteElo "864"]
[BlackElo "796"]
[PlyCount "62"]
[EventDate "2007.01.02"]
[EventType "swiss"]
[EventRounds "9"]
[EventCountry "GER"]
[SourceTitle "EXT 2024"]
[Source "ChessBase"]
[SourceDate "2023.10.10"]
[SourceVersion "1"]
[SourceVersionDate "2023.10.10"]
[SourceQuality "1"]

1. e4 e6 2. Nc3 d5 3. Nf3 Bb4 4. exd5 exd5 5. d4 Nf6 6. Bd2 0-0 7. Bd3 Bg4 8. 0-0 Nbd7 9. Be2 c6 10. h3 Be6 11. a3 Bd6 12. Ng5 Bb8 13. Nxe6 fxe6 14. Bg5 Qc7 15. g3 Ne4 16. Qd3 Nxg5 17. h4 Nf7 18. Qf3 Nh6 19. Qd3 e5 20. dxe5 Nxe5 21. Nxd5 cxd5 22. Qxd5+ Nef7 23. Ba6 bxa6 24. Qxa8 Nf5 25. Qe4 Nxg3 26. fxg3 Qxg3+ 27. Qg2 Qxh4 28. Rf3 Ne5 29. Rxf8+ Kxf8 30. Rf1+ Nf7 31. Qa8 Qh2# 0-1

[Event "Oberfranken-ch op 0607"]
[Site "Schney"]
[Date "2007.01.03"]
[Round "5"]
[White "Weber, Marc Philip"]
[Black "Hentschel, Andreas"]
[Result "1/2-1/2"]
[WhiteElo "950"]
[BlackElo "864"]
[PlyCount "80"]
[EventDate "2007.01.02"]
[EventType "swiss"]
[EventRounds "9"]
[EventCountry "GER"]
[SourceTitle "EXT 2024"]
[Source "ChessBase"]
[SourceDate "2023.10.10"]
[SourceVersion "1"]
[SourceVersionDate "2023.10.10"]
[SourceQuality "1"]

1. c4 e5 2. Nc3 Bb4 3. b3 Bxc3 4. dxc3 d6 5. Nf3 Nc6 6. g3 h6 7. Bg2 Nf6 8. 0-0 0-0 9. Bd2 Bg4 10. Qc2 e4 11. Nd4 Nxd4 12. cxd4 Bxe2 13. Rfe1 Bf3 14. Bxf3 exf3 15. Qd3 c5 16. Bc3 cxd4 17. Bxd4 d5 18. c5 Ne8 19. Qxf3 Nc7 20. Rac1 Re8 21. Rxe8+ Qxe8 22. b4 Qe4 23. Qxe4 dxe4 24. Re1 Re8 25. a3 Nb5 26. Bb2 b6 27. cxb6 axb6 28. a4 Nd6 29. Bd4 b5 30. Bc5 Re6 31. Bxd6 Rxd6 32. Rxe4 bxa4 33. b5 Rb6 34. Rxa4 Rxb5 35. Ra8+ Kh7 36. f4 Kg6 37. Ra6+ f6 38. Kg2 Rc5 39. h4 h5 40. Kf3 Rc3+ 1/2-1/2

[Event "Oberfranken-ch op 0607"]
[Site "Schney"]
[Date "2007.01.02"]
[Round "2"]
[White "Kolbeck, Lukas"]
[Black "Hentschel, Andreas"]
[Result "1-0"]
[WhiteElo "1111"]
[BlackElo "864"]
[PlyCount "77"]
[EventDate "2007.01.02"]
[EventType "swiss"]
[EventRounds "9"]
[EventCountry "GER"]
[SourceTitle "EXT 2024"]
[Source "ChessBase"]
[SourceDate "2023.10.10"]
[SourceVersion "1"]
[SourceVersionDate "2023.10.10"]
[SourceQuality "1"]

1. d4 d5 2. e3 e6 3. Bd3 Bd7 4. c3 Nc6 5. f4 Be7 6. Nf3 Nf6 7. Nbd2 Ng4 8. 0-0 Nxe3 9. Qe2 Nxf1 10. Qxf1 Bd6 11. Nb3 0-0 12. g3 b6 13. Qh3 h6 14. Ng5 Be7 15. Bd2 Rb8 16. Rf1 Na5 17. Qh5 Nxb3 18. axb3 Qe8 19. Nh7 f6 20. Bg6 Qd8 21. Nxf8 Qxf8 22. f5 Be8 23. fxe6 Bxg6 24. Qxg6 Qe8 25. Qxe8+ Rxe8 26. c4 dxc4 27. bxc4 c5 28. d5 b5 29. cxb5 Rb8 30. Ra1 Kf8 31. Rxa7 Rxb5 32. Ra8+ Bd8 33. Rxd8+ Ke7 34. Rd7+ Ke8 35. Rxg7 c4 36. Rc7 Rxd5 37. Bxh6 Rd1+ 38. Kg2 Rd2+ 39. Bxd2 1-0